00174nam a2200073Ia 4500082001200000245002200012100002500034008004100059 aAF VANE 0aGister se winter  a Van Eeden, Dianne 210825s9999 xx 000 0 und d